Conflictos en el proceso de industrialización en el mercado común centroamericano /
Gorde:
| Egile nagusia: | |
|---|---|
| Formatua: | Texto |
| Gaiak: | |
| Etiketak: |
Etiketa erantsi
Etiketarik gabe, Izan zaitez lehena erregistro honi etiketa jartzen!
|
MARC
| LEADER | 00000 a a2200000 04500 | ||
|---|---|---|---|
| 001 | 16135 | ||
| 003 | |||
| 040 | |||
| 100 | |a Nuhn, Helmut | ||
| 245 | |a Conflictos en el proceso de industrialización en el mercado común centroamericano / |c Helmut Nuhn | ||
| 650 | |a CONFLICTOS | ||
| 650 | |a MCCA | ||
| 650 | |a DESARROLLO INDUSTRIAL | ||
| 650 | |a INTEGRACION REGIONAL | ||
| 650 | |a MODERNIZACION | ||
| 650 | |a EMPRESARIOS | ||
| 650 | |a SECTOR PRIVADO | ||
| 650 | |a LIBRE COMERCIO | ||
| 650 | |a EMPRESAS | ||
| 773 | |g número 48; páginas 53-86 | ||
| 999 | |c 24534 |d 24534 | ||
